Effectiveness of programmed instructional material in the teaching of relection to form two pupils in a rural school /
Saved in:
| Main Author: | |
|---|---|
| Format: | Thesis Book |
| Language: | English |
| Published: |
2000.
|
| Subjects: | |
| Online Access: | http://studentsrepo.um.edu.my/id/eprint/2334 |
| Tags: |
Add Tag
No Tags, Be the first to tag this record!
|
| LEADER | 01263cam a2200277 a 4500 | ||
|---|---|---|---|
| 001 | u477785 | ||
| 003 | SIRSI | ||
| 008 | 960110s2000 my t 00 10 eng m | ||
| 035 | |a ACO-3303 | ||
| 040 | |a UMM |d UMD | ||
| 090 | |a LB7 |b UM 2000 Gan | ||
| 100 | 1 | 0 | |a Gan, Swit Peng. |
| 245 | 1 | 0 | |a Effectiveness of programmed instructional material in the teaching of relection to form two pupils in a rural school / |c Gan Swit Peng. |
| 260 | |c 2000. | ||
| 300 | |a xi, 131 leaves : |b ill. ; |c 29 cm. | ||
| 502 | |a Dissertation (M.Ed.) -- Fakulti Pendidikan, Universiti Malaya, 2000. | ||
| 504 | |a Includes bibliographical references. | ||
| 650 | 0 | |a Teaching |x Aids and devices. | |
| 650 | 0 | |a Mathematics |x Study and teaching. | |
| 710 | 2 | 0 | |a Universiti Malaya. |b Fakulti Pendidikan. |
| 856 | 4 | 1 | |u http://studentsrepo.um.edu.my/id/eprint/2334 |
| 948 | |a 02/03/2001 |b 06/06/2002 | ||
| 596 | |a 1 8 | ||
| 999 | |a LB7 UM 2000 GAN |w LC |c 1 |i A510575041 |d 23/8/2014 |e 23/8/2014 |l STACKS |m P01UTAMA |n 8 |r Y |s Y |t TESIS |u 20/2/2002 | ||
| 999 | |a LB7 UM 2000 GAN |w LC |c 1 |i A511184337 |f 8/9/2022 |g 1 |l STACKS |m P08PENDIDI |r Y |s Y |t TESIS |u 5/8/2003 |o .CIRCNOTE. |o .STAFF. Tesis disimpan di bilik tesis ( Blok D) | ||
| 999 | |a LB7 UM 2000 GAN |w LC |c 2 |i A516378947 |f 25/8/2020 |g 1 |l STACKS |m P08PENDIDI |r Y |s Y |t TESIS |u 19/2/2016 |1 AHSS | ||
